000 01815cam a22004574i 4500
003 PE-LiUPU
005 20250731172724.0
008 150617s1985 pr r 000 0 spa d
020 _a0881132071
035 _a(Sirsi) i9780881132076
040 _aPE-LiUPU
_bspa
_cPE-LiUPU
_erda
049 _aPRUA
082 0 4 _a242.72
_bM95
_221
100 1 _aMurray, Andrew,
_eautor.
245 1 3 _aEl Ministerio de la Oración Intercesora /
_cAndrew Murray.
264 1 _aPuerto Rico :
_bBetania,
_c1985.
300 _a172 páginas ;
_c20 centímetros.
336 _atext
_2rdacontent
337 _aunmediated
_2rdamedia
338 _avolume
_2rdacarrier
505 0 _aLa falta de oración -- El ministerio del Espíritu y la oración -- Un modelo de intercesión -- Por su importunidad -- La vida que puede orar -- ¿Es pecado la falta de oración? -- ¿Quieres ser sano? -- El decreto de la oración eficaz -- El espíritu de súplica -- En el nombre de Cristo -- El Dios mío me oirá -- Pablo, un dechado de oración -- Dios busca intercesores -- El avivamiento venidero.
526 _aSEG42
526 _aSEG41
526 _aSEG40
526 _aSEG39
526 _aP94
526 _aP87
526 _aP86
526 _aP85
526 _aP77
526 _aP76
526 _aP35
650 0 4 _aOración.
910 _ajck
_bjvq
_cjck
_d20150616
942 _2ddc
_cBOOK
949 _a242.72 M95
_wDEWEY
_c1
_i28522
_lCCODEBUL1
_mBUL
_r0
_sY
_tBOOK
_u2015-4-21
_xTEOLOGIA
_PP35
_0COMPRA
_o.STAFF. Colección General
994 _aC0
_bPEPRU
596 _a1
999 _a242.72 M95
_wDEWEY
_c1269
_i28522
_d1269
_e2017-5-24
_f2021-11-11
_g5
_lCCODEBUL1
_mBUL
_n1
_p10.00
_q1
_r0
_sY
_tBOOK
_u2015-4-21
_xTEOLOGIA
_PP35
_0COMPRA
_o.STAFF. Colección Teología
980 _81
_gALBERTO SANCHEZ Responsable de Automatización